Zákony III/2018 - časť A zborník úplných znení zákonov a súvisiacich predpisov k 1.1.2018 z oblasti pracovnoprávnej, mzdovej a sociálnej

Gespeichert in:
Bibliographische Detailangaben
Format: Buch
Sprache:Slowakisch
Veröffentlicht: Žilina Poradca 2018
Schlagworte:
Tags: Tag hinzufügen
Keine Tags, Fügen Sie das erste Tag hinzu!

MARC

LEADER 00000nam a2200000 4500
001 0240727
005 20230109072921.4
022 |a 1335-6127 
041 0 |a slo 
044 |a SK 
245 1 0 |a Zákony III/2018 - časť A  |b zborník úplných znení zákonov a súvisiacich predpisov k 1.1.2018 z oblasti pracovnoprávnej, mzdovej a sociálnej 
264 1 |a Žilina  |b Poradca  |c 2018 
300 |a 432 s. 
610 2 0 |a predpisy právne 
610 2 0 |a legislatíva 
610 2 0 |a zákonník práce 
610 2 0 |a právo autorské 
610 2 0 |a zamestnanci 
610 2 0 |a pedagogika 
610 2 0 |a vyjednávanie kolektívne 
610 2 0 |a ochrana údajov osobných 
610 2 0 |a ochrana zdravia 
610 2 0 |a bezpečnosť práce 
610 2 0 |a služby zamestnanosti 
610 2 0 |a mzdy minimálne 
610 2 0 |a Slovensko